L'Espagne sous Charles-Quint, Philippe II & Philippe III ou Les osmanlis et la Monarchie espagnole pendant les XVIe et XVIIe siècles / (Record no. 162961)
[ view plain ]
| 000 -LEADER | |
|---|---|
| campo de control de longitud fija | 00987nam a2200241 i 4500 |
| 001 - NÚMERO DE CONTROL | |
| campo de control | 162961 |
| 003 - IDENTIFICADOR DE NÚMERO DE CONTROL | |
| campo de control | ES-MaACL |
| 005 - FECHA Y HORA DE LA ÚLTIMA TRANSACCIÓN | |
| campo de control | 20240228213524.0 |
| 008 - DATOS DE LONGITUD FIJA--INFORMACIÓN GENERAL | |
| campo de control de longitud fija | 990701s1873 fr |||| | fre d |
| 040 ## - FUENTE DE CATALOGACIÓN | |
| Centro catalogador/agencia de origen | GA |
| Lengua de catalogación | spa |
| Centro/agencia transcriptor | CCPB | 3D |
| 100 1# - ENTRADA PRINCIPAL--NOMBRE DE PERSONA | |
| Nombre de persona | Ranke, Leopold von. |
| 9 (RLIN) | 95425 |
| 245 12 - MENCIÓN DEL TÍTULO | |
| Título | L'Espagne sous Charles-Quint, Philippe II & Philippe III ou Les osmanlis et la Monarchie espagnole pendant les XVIe et XVIIe siècles / |
| Mención de responsabilidad, etc. | par Léopold Ranke ; traduit de l'allemand et augmenté de notes par J.-B. Haiber. |
| 250 ## - MENCION DE EDICION | |
| Mención de edición | 2ème. éd. |
| 260 ## - PUBLICACIÓN, DISTRIBUCIÓN, ETC. | |
| Lugar de publicación, distribución, etc. | Paris : |
| Nombre del editor, distribuidor, etc. | Bray et Retaux, |
| Fecha de publicación, distribución, etc. | 1873 ( |
| Lugar de fabricación/manufactura | Abbeville : |
| Fabricante | Imprimerie Briez, C. Paillart et Retaux) |
| 300 ## - DESCRIPCIÓN FÍSICA | |
| Extensión | VIII, 468 p. ; |
| Dimensiones | 18 cm. |
| 596 ## - NOTA AL PIE DE IMPRENTA | |
| NOTA AL PIE DE IMPRENTA | Marca de ed. en port. |
| 651 #4 - PUNTO DE ACCESO ADICIONAL DE MATERIA--NOMBRE GEOGRÁFICO | |
| Nombre geográfico | España- |
| Subdivisión general | Historia- |
| Subdivisión cronológica | 1516-1700, Casa de Austria |
| 9 (RLIN) | 8228 |
| 700 1# - ENTRADA AGREGADA--NOMBRE PERSONAL | |
| Nombre de persona | Haiber, J.-B. |
| 9 (RLIN) | 127761 |
| 740 00 - ENTRADA AGREGADA--TÍTULO RELACIONADO/ANALÍTICO NO CONTROLADO | |
| Título relacionado o analítico no controlado | Les Osmanlis et la Monarchie espagnole. |
| 852 ## - LOCALIZACIÓN | |
| Ubicación | ES-MaACL |
| Número de control de estantería | G-599 |
| Nota libre | -- Enc. hol. |
| Estatus retirado | Estado de pérdida | Estado de daño | No para préstamo | Colección | Biblioteca de origen | Biblioteca actual | Ubicación en estantería | Fecha de adquisición | Fuente de adquisición | Total de préstamos | Signatura topográfica completa | Código de barras | Visto por última vez | Precio de reemplazo | Tipo de ítem Koha |
|---|---|---|---|---|---|---|---|---|---|---|---|---|---|---|---|
| Libros del s. XIX | Biblioteca del Ateneo de Madrid | Biblioteca del Ateneo de Madrid | Depósito 2 | 17/01/2008 | G-599 | 1170741 | 23/02/2023 | 23/02/2023 | Libro impreso antiguo |
